000
00330nam a2200145Ia 4500
100
_a
Shay/William A
250
_a
3
942
_c
BK
654
_a
datacommunication
245
_a
Understanding Datacommunications and networks
260
_b
Thomson/Brooks
_c
2004
082
_a
621.382
_b
SHA
300
_a
766
546
_a
ENGLISH
999
_c
21805
_d
21805